000 00544nam a2200157 a 4500
001 000037626
005 20200930080457.0
008 121010s1995 gt 000 0 spa d
040 _aDO-SdBNP
_bspa
_cBNPHU
082 _axxxx
_bxxxx
245 0 0 _aGuatemala, memoria del silencio :
_binforme de la Comisión para el Esclarecimiento Histórico.
246 1 0 _aMemoria del silencio
260 _a[Guatemala] :
_bCEH,
_c[199?].
300 _a112 p. :
_bil. gráf. ;
_c22 cm.
710 2 _aComisión para el Esclarecimiento Histórico (Guatemala).
_964090
999 _c37116
_d37116